Insalubridade e periculosidade

Detalles Bibliográficos
Autor principal: Messias Saliba, Tuffi
Otros Autores: Chaves Corrå, Mr̀cia Angelim
Formato: eBook
Lenguaje:portugués
Publicado: San Pablo: LTR, 2019
Materias:
Acceso en línea:Acceso restringido

MARC

LEADER 00000nam a22000007a 4500
005 2022032506286.0
007 cr|||| ||||
008 220325s2019 br |||||s|||| 00||0 por d
020 |a 978-85-361-9969-6 
035 |a 35980 
040 |a vLex 
090 |c 13087  |d 13087 
100 1 |a Messias Saliba, Tuffi 
245 1 0 |a Insalubridade e periculosidade  |h [Recurso electrn̤ico] /  |c Tuffi Messias Saliba, Mr̀cia Angelim Chaves Corrå 
256 |a Servicio en ln̕ea 
260 |a San Pablo:  |b LTR,  |c 2019 
300 |a 1 recurso electrn̤ico 
506 1 |a Disponible solo en los productos indicados  |d vLex Global  |d vLex Global (Academic Edition, excluding Law Schools)  |d vLex Global (U.S. Academic Edition, Law Schools)  |d vLex Global (U.S. Academic Edition, excluding Law Schools)  |d vLex Global (Academic Edition, Law Schools) 
650 0 4 |a Derecho Laboral y Seguridad Social  |z Brasil 
700 1 |a Chaves Corrå, Mr̀cia Angelim 
740 0 |a vLex Libros (Servicio en ln̕ea) 
856 4 0 |u https://app.vlex.com/#/sources/35980  |z Acceso restringido 
942 |c BOOK 
999 0 |a Labor law and social security